[Event "EU-Cup 21st"]
[Site "Saint Vincent"]
[Date "2005.09.18"]
[Round "1.3"]
[White "Bandza, Algirdas S"]
[Black "Roiz, Michael"]
[Result "1/2-1/2"]
[WhiteElo "2382"]
[BlackElo "2593"]
[Annotator "Roiz,M"]
[PlyCount "76"]
[EventDate "2005.09.18"]
[EventType "team-swiss"]
[EventRounds "7"]
[EventCountry "ITA"]
[SourceTitle "CBM 110"]
[Source "ChessBase"]
[SourceDate "2006.01.31"]
[SourceVersion "1"]
[SourceVersionDate "2006.01.31"]
[SourceQuality "1"]
[WhiteTeam "Vilnius NSEL"]
[BlackTeam "Beer Sheva"]
[WhiteTeamCountry "LTU"]
[BlackTeamCountry "ISR"]

1. Nf3 Nf6 2. c4 e6 3. d4 d5 4. g3 dxc4 5. Qa4+ {Winning the pawn back. This
continuation doesn't promise white much, since black has no difficulties with
his development.} (5. Bg2 {-->is much more ambitious.}) 5... c6 ({The
alternative is:} 5... Nbd7) 6. Qxc4 b5 7. Qb3 Bb7 8. Bg2 Nbd7 9. O-O a6 10. a4
c5 {Black has to make this freeing move as soon as possible.} 11. axb5 Bd5 {
That is the point of black's idea - white cannot keep the extra pawn.} 12. Qc2
(12. Qd1 axb5 13. Rxa8 Qxa8 14. Nc3 Bc6 15. Nh4 Bxg2 16. Nxg2 b4 17. Nb5 Qc6
18. Qa4 Be7 19. dxc5 O-O 20. Be3 Bxc5 21. Nc3 Qb7 $15 {0-1 Papaioannou,I-Adams,
M/Leon 2001/CBM 86 (43)}) 12... Be4 ({In my previous game in this line I played
} 12... axb5 {--see comments to 0-1 Poldauf,D-Roiz,M EUCup 18th Chalkidiki 
[Ribli]}) 13. Qb3 {You can call it 'a draw offer'.} (13. Qd1 axb5 14. Rxa8 Qxa8
15. Bg5 cxd4 16. Bxf6 Nxf6 17. Qxd4 Be7 18. Qb6 Qb7 19. Qxb7 Bxb7 20. Nd4 Bxg2
21. Kxg2 b4 22. Nd2 Kd7 23. Nc4 Rd8 24. Ra1 $14 {0-1 King,D-Adams,M/London
2000/CBM 76/[Rowson] (100)}) 13... c4 $6 $146 {A very risky way to avoid the
draw.} ({Of course, I could repeat the moves by} 13... Bd5 14. Qc2 Be4 15. Qb3
{1/2-1/2 Vega Holm,F-Campos Moreno,J/Cala Galdana 2001/CBM 84 ext (15)}) 14.
Qd1 $2 {It's just unbelievable, but this move was played immediately after 13..
.c4! At the same time, now black is even better.} ({White could refute black's
idea by energetical play:} 14. Qxc4 $142 axb5 15. Rxa8 Qxa8 16. Qxb5 Bxb1 17.
Nd2 $1 {I have completely overlooked this move.} (17. Ne5 $2 Be4 18. Bxe4 Qxe4
$17) 17... Be4 18. Nxe4 Nxe4 19. Bf4 $36 {And white has more than sufficient
compensation for the piece.}) 14... axb5 15. Rxa8 Qxa8 {Now black has full
control of the central squares.} 16. Nbd2 {Of course, this 'shy' way of
development looks ugly, but after Nb1-c3 black may disturb the knight by b5-b4.
} (16. Bg5 Bd6 17. Nc3 Bc6 18. Qc2 O-O $15) 16... Bd5 17. Qc2 Bb4 $1 {It's
important to meet 18.b3 with 18...b4.} 18. Nh4 $6 {White is trying to simplify
the position, but he wastes too much time.} ({I would prefer:} 18. Re1 {
[%cal Ge2e4]} Ne4 (18... O-O 19. e4 Bb7 $15) 19. Nh4 O-O 20. f3 Nef6 21. e4 Bb7
$15 {although white is still worse here.}) 18... Bxg2 ({Deserved attention
also:} 18... O-O $5 19. e4 Bb7 20. Re1 Rd8 $17 {[%csl Rd2,Re1,Rh4] and all
white's pieces are far from their ideal squares.}) 19. Nxg2 O-O 20. Nh4 {
Sending the knight towards f3 to take control of the Pd4.} Rc8 (20... Nb6 $5
21. Nhf3 Rd8 $17) 21. Nhf3 Nb6 22. e4 {White's central pawns looks nice, but
actually black's queen-side play is much more dangerous.} Be7 23. Re1 ({
Even worse would be:} 23. Rd1 Qa4 24. Qxa4 Nxa4 25. Re1 c3 26. bxc3 Rxc3 $19 {
and black has a decisive strategical advantage.}) 23... Qa2 $1 {[%cal Gc4c3]
Creating the unpleasant threat c4-c3.} 24. Qd1 $6 {White wants to keep the
queens on board, but now black just wins the pawn.} ({Better was:} 24. Qb1 Qxb1
25. Nxb1 b4 $17) 24... Na4 $19 {[%csl Rb2]} 25. Ne5 ({Hopeless was:} 25. Re3 c3
26. bxc3 Nxc3 27. Qf1 Qc2 $19) 25... Bb4 {Not bad, but why not to take the
pawn?!} (25... Nxb2 26. Qc2 Qa4 27. Qxb2 c3 28. Qb1 cxd2 29. Bxd2 Qxd4 $19) 26.
d5 exd5 $6 {There was no reason for opening the e-file.} ({Black had a clear
winning possibility:} 26... Nxb2 $142 27. Qc2 (27. Qf3 c3 28. Nf1 exd5 29. exd5
Qxd5 $19) 27... Qa4 $1 28. Qb1 c3 $19) 27. exd5 c3 ({Now} 27... Nxb2 28. Qc2
Qa4 $6 {is not that convincing, as after} ({better is:} 28... Qa1 $142 29. Ndf3
Nd3 (29... Bxe1 30. Bxb2 Bxf2+ 31. Kxf2 Qa7+ 32. Bd4 Qb7 33. Qf5 $17) 30. Nxd3
Bxe1 31. Ndxe1 Nxd5 $19 {and black should win.}) 29. Qf5 Rf8 30. d6 $1 {
white gets some counterplay.}) 28. bxc3 Nxc3 29. Qb3 Qxb3 30. Nxb3 Ncxd5 31.
Bd2 {The arising endgame is winning from a technical point of view, but now
the task is not that easy.} Bxd2 $6 {A first inaccuracy.} ({More accurate
would be:} 31... Bc3 $142 32. Bxc3 Nxc3 $19) 32. Nxd2 h5 $6 {Allowing white to
consolidate.} ({It seems that black should win after:} 32... Rc2 33. Nb3 Rb2
34. Nd4 h5 35. Ra1 Ng4 $19) 33. Rb1 b4 34. Nd3 $17 {Now it's not easy to make
progress.} Rc2 (34... Nc3 35. Rb2 $17 (35. Rxb4 $2 Rd8 $19)) 35. Nf3 Rc4 $2 {
A terrible blunder - now black cannot hold his extra pawn.} (35... Rc3 $2 36.
Nfe5 b3 37. Nc1 $11) ({At the same time, after} 35... Rc6 $142 $17 {[%cal
Gc6b6] black would have real winning chances.}) 36. Nfe5 Rd4 37. Rb3 $11 {
[%cal Ge5c6] Black cannot parry the simple threat 38.Nc6.} Re4 38. Nc6 Rc4
1/2-1/2

[Event "Moscow Aeroflot op-A"]
[Site "Moscow"]
[Date "2004.02.25"]
[Round "9"]
[White "Filippov, Valerij"]
[Black "Tregubov, Pavel V"]
[Result "1/2-1/2"]
[WhiteElo "2609"]
[BlackElo "2628"]
[Annotator "Roiz,M"]
[PlyCount "116"]
[EventDate "2004.02.17"]
[EventType "swiss"]
[EventRounds "9"]
[EventCountry "RUS"]
[SourceTitle "CBM 100"]
[Source "ChessBase"]
[SourceDate "2004.06.01"]
[SourceVersion "1"]
[SourceVersionDate "2004.06.01"]
[SourceQuality "1"]

1. Nf3 d5 2. d4 c6 3. c4 e6 4. Qc2 dxc4 5. Qxc4 Nf6 6. g3 ({another principal
continuation here is:} 6. Bg5) 6... b5 7. Qc2 Bb7 8. Bg2 Nbd7 {Black is ready
to play c6-c5-that is usually promise him an easily equality.} 9. Ne5 {A
principal move.} ({Black doesn't face any difficulties after:} 9. O-O c5 10. a4
(10. Nc3 a6 11. dxc5 Bxc5 12. Ng5 Bxg2 13. Kxg2 Rc8 14. Nge4 b4 15. Na4 Be7 16.
Qd3 Qa5 17. b3 Qb5 $15 {0-1 Szmetan,R-Nielsen,P/Bled 2002/EXT 2003 (29)}) (10.
Bg5 Rc8 11. dxc5 Bxc5 12. Qb3 a6 13. Nfd2 Bxg2 14. Kxg2 Be7 15. Bxf6 Nxf6 16.
a4 b4 17. Rd1 Qc7 18. Nf3 O-O 19. Nbd2 g6 $15 {0-1 Zlotnik,B-Tregubov,P/
Chalkidiki 2002/CBM 92/[Hecht] (57)}) 10... b4 11. Nbd2 Rc8 12. Qd3 Be7 13. b3
cxd4 14. Nxd4 Rc3 $15 {0-1 Fridman,D-Grischuk,A/Mainz 2003/CBM 95 ext (30)})
9... Qb6 {The main.} ({deserves attention also:} 9... Nxe5 $5 10. dxe5 Nd5 ({
but not} 10... Nd7 $6 11. O-O Nxe5 12. Bf4 Nd7 13. Nc3 Qb6 14. a4 Rc8 15. Rfd1
{with dangerous initiative for white.}) 11. Nc3 Be7 12. a4 O-O 13. O-O a6 14.
Bd2 c5 15. Ne4 Qc7 16. Bg5 Nb4 17. Qc1 Bxg5 18. Qxg5 h6 19. Nf6+ Kh8 20. Qh5
Bxg2 21. Kxg2 Nc6 22. f4 {1/2-1/2 Sherbakov,R-Mahesh Chandran,P/Raipur 2002/
CBM 87 ext (22)}) 10. Be3 (10. O-O Rc8 $6 (10... c5 $142 $11) 11. Nxd7 Nxd7 12.
Rd1 c5 13. d5 exd5 14. Bxd5 Bxd5 15. Rxd5 $14 {1/2-1/2 Tratar,M-Pavasovic,D/
Portoroz 1997/EXT 99 (65)}) 10... c5 11. Nxd7 Nxd7 12. Bxb7 Qxb7 13. O-O cxd4 {
I don't like that move,since now black couldn't complete his development
without e6-e5.} ({more accurate seems to be:} 13... Rc8 $142 14. Rc1 Be7 $1 ({
dubious is:} 14... c4 $6 15. a4 a6 16. axb5 axb5 17. Nc3 Bb4 (17... Nf6 18. d5
Nxd5 19. Ra7 Qc6 20. Nxd5 Qxd5 21. Rd1 Qc6 22. Qc3 f6 23. Qa5 $16 {1-0
Kiseleva,N-Zivkovic,V/Antalya 2002/CBM 90 ext (26)}) 18. d5 $1 Bxc3 19. Ra7
Qxd5 20. Rd1 Qf5 21. Qxc3 $40 {1-0 Yakovich,Y-Brodsky,M/Noyabrsk RUS 2003 (24)}
) 15. dxc5 Nxc5 16. Nc3 (16. b4 Bf6 17. Nc3 (17. bxc5 Bxa1 18. c6 Qb8 19. Qc5
Bf6 $15 {[%cal Gf6e7]}) 17... Nd7 (17... Na4 $5 18. Nxb5 Rxc2 19. Nd6+ Kd7 20.
Nxb7 Rc7 $1 21. Rd1+ Ke7 22. Nc5 Nc3 23. Na6 Nxd1 24. Rxd1 Rd7 $15) 18. Qe4 Qa6
19. Bd4 O-O 20. a4 Rc4 21. Nxb5 Rxb4 $11 {1/2-1/2 Raetsky,A-Rasch,H/Biel 1997/
CBM 60 ext (42)}) 16... O-O 17. b4 $2 Na4 18. Qe4 Qxe4 19. Nxe4 Bxb4 $17 {
0-1 Kiseleva,N-Kosteniuk,A/Kragujevac 2000/CBM 79 ext (23)}) 14. Bxd4 Rc8 ({
black doesn't equalize after:} 14... e5 15. Be3 Be7 {1/2-1/2 Linskiy,O-Vera,R/
Quebec 1997/EXT 98 (15) in view of:} 16. Nc3 O-O 17. Rfd1 $14 {[%csl Rb5,Rd5]
[%cal Gc2b3]}) 15. Nc3 (15. Qb3 e5 16. Be3 Bc5 17. Nc3 a6 18. Qd5 Qxd5 19. Nxd5
Bxe3 20. Nxe3 $14) 15... e5 $146 {That move is a serious improvement of
black's previous play,but probably doesn't promise black a full equality.} (
15... b4 $6 16. Qe4 Qxe4 17. Nxe4 f5 (17... a5 $2 18. Rac1 Ra8 19. Rfd1 e5 20.
Be3 Be7 21. Rc7 Nf6 22. Nxf6+ Bxf6 23. Bc5 $18 {1-0 Todorov,O-Kosic,D/
Leposavic 2003/EXT 2004 (27)}) 18. Ng5 (18. Nd2 e5 (18... Rc2 19. Rfd1 e5 (
19... Bc5 $2 20. Rac1 $1) 20. Bxa7 Rxb2 21. e4 $36) 19. Be3 Bc5 20. Bxc5 Rxc5
21. Nb3 $14) 18... e5 19. Bxa7 Be7 20. Be3 h6 21. Nf3 Kf7 22. Rfc1 g5 23. b3
$16 {1/2-1/2 Raetsky,A-Sveshnikov,E/Moscow 1994/CBM 45 ext (36)}) 16. Be3 Bb4
17. Qe4 $6 {That allows black to equalize the game by accurate play.} ({
white shouldn't afraid of:} 17. Rfd1 Bxc3 18. bxc3 O-O {because after:} (18...
Nf6 19. Qf5 O-O 20. Qxe5 Rfe8 21. Qf5 Rxc3 22. Bd4 Rc6 23. Rab1 $14 {[%csl Gd4]
}) 19. Qf5 Rfd8 (19... Nb6 20. Qxe5 Nc4 21. Qd4 $14) 20. Rd2 $14 {[%cal Ga1d1]
all his pieces are very active and black is not able to exploit weak pawn on
c3.}) 17... Qxe4 18. Nxe4 f5 {Black must attack white's knight,as his bishop
doesn't has a stable place.} 19. a3 $1 ({after} 19. Rac1 Ke7 20. a3 Bxa3 21.
bxa3 fxe4 {black is not in a danger.}) 19... Be7 20. Nc3 a6 21. Rfd1 {
Preventing Ke8-f7-e6.} (21. a4 b4 22. Nd5 Kf7 $1 (22... Nf6 $2 23. Nb6 $1 Rc2
24. Rac1 Rxc1 25. Rxc1 $16) 23. Rac1 Bd6 $11) 21... Nf6 22. Nd5 (22. Bg5 e4 $1
{[%cal Gh7h6]} 23. f3 h6 24. Bxf6 Bxf6 $11) 22... Kf7 23. Nxe7 Kxe7 24. b4 {
Creating good spot for Be3.} (24. a4 b4 25. Rac1 Rxc1 26. Rxc1 Nd5 27. Rc6 Nxe3
28. fxe3 Rd8 $11 {[%cal Gd8d2]}) 24... Rc6 (24... Rc2 $2 25. a4 Rd8 26. Bc5+
Ke8 27. Rxd8+ Kxd8 28. axb5 axb5 29. Ra8+ (29. Ra7 Nd7 30. Bd6 Ke8 31. Rb7 Rd2
$11) 29... Kd7 30. Ra7+ $16) 25. a4 {White is trying to keep all the rooks on
the board,so that is the only way to activate the Ra1.} Rb8 26. Rd3 ({nothing
gives:} 26. axb5 Rxb5 27. Rdc1 Rxc1+ 28. Rxc1 Kd7 $11) 26... Ke6 {Black has
consolidated his position,and white cannot avoid simplifications.} 27. Rda3
bxa4 ({only not} 27... Nd5 $6 28. axb5 axb5 29. Bc5 $14 {and white has a clear
advantage due to activity of his rooks.}) 28. Rxa4 Nd5 29. Rxa6 ({after} 29.
Bc5 Nc7 30. Rd1 Nd5 {the draw is unavoidable.}) 29... Nxb4 30. Ra7 Nc2 $1 {
An important win of tempo.Black gets time to defend on g7.} 31. Rc1 Kf6 {
[%cal Gb8c8]} 32. f4 {There is no other useful continuations for white.} exf4
33. Bxf4 Rbc8 $11 {[%cal Gc2d4] There is no much material on the board,so
white has only a symbolic advantage.} 34. Rd1 g5 35. Bc1 R8c7 {Changing
white's active rook.} ({possibly was:} 35... h6 $1 36. Bb2+ Kg6 $11) 36. Rxc7
Rxc7 37. Rd6+ Ke5 38. Rb6 (38. Rh6 f4 39. Rh5 Ke4 40. Rxg5 Nd4 41. Re5+ Kxe5
42. Bxf4+ Kf5 43. Bxc7 Nxe2+ {leads to a clear draw.}) 38... f4 39. gxf4+ (39.
Rb5+ Ke4 40. Rxg5 Nd4 {-38.Rh6.}) 39... gxf4 40. Rb5+ Ke4 41. Bb2 f3 $11 {
Now there is only ''h'' pawns on the board,so the draw is unavoidable-black
should only improve the placement of his knight.} (41... Re7 42. Kf2 Ne3 43.
Rb4+ Kf5 44. Kf3 Nd5 $11) 42. Re5+ Kf4 43. Kf2 fxe2 44. Rxe2 Kf5 45. Re5+ Kg6
46. h4 {That game was played in last round,and Valerij wanted to win this game
at any cost in order to win the tournament-that is the only explanation of the
rest moves.} Rd7 47. h5+ Kf7 48. Kg3 Nd4 49. Kg4 Ne6 {Finally,the knight is
safe!} 50. Rf5+ Kg8 51. Rb5 Rc7 52. Rb4 Rc5 53. Ra4 Rg5+ 54. Kh4 Rc5 55. Ba3
Rd5 56. Ra8+ Rd8 57. Ra6 Rd4+ 58. Kg3 Ng7 (58... Ng7 59. Ra8+ Kf7 60. Ra7+ Kg8
61. Rxg7+ Kxg7 62. Bb2 Kh6 63. Bxd4 Kxh5 $11) 1/2-1/2

[Event "Degremont GP"]
[Site "Clichy"]
[Date "2004.03.14"]
[Round "3.1"]
[White "Collas, Didier"]
[Black "Tregubov, Pavel V"]
[Result "1/2-1/2"]
[WhiteElo "2436"]
[BlackElo "2628"]
[Annotator "Roiz,M"]
[PlyCount "59"]
[EventDate "2004.03.13"]
[EventType "k.o."]
[EventRounds "3"]
[EventCountry "FRA"]
[SourceTitle "CBM 100"]
[Source "ChessBase"]
[SourceDate "2004.06.01"]
[SourceVersion "1"]
[SourceVersionDate "2004.06.01"]
[SourceQuality "1"]

{[%mdl 4]} 1. Nf3 d5 2. d4 c6 3. c4 e6 4. Qc2 dxc4 5. Qxc4 Nf6 6. Bg5 {That
move is more ambitious than 6.g3.} b5 7. Qc2 Bb7 8. e3 {I am sure that white
cannot pretend on serious advantage after such a quiet moves.} ({more
principal choice is:} 8. e4 Nbd7 9. Bd3 Qb6 (9... h6 10. Bxf6 Qxf6 11. O-O e5 (
11... a6 $5 12. e5 Qd8) 12. a4 a6 13. axb5 axb5 14. Rxa8+ Bxa8 15. d5 Bc5 16.
Rc1 b4 17. Nbd2 O-O 18. Nb3 Bb6 19. dxc6 Rc8 20. Qd2 Rxc6 21. Ra1 Rc8 22. Qxb4
g5 $44 {1/2-1/2 Burmakin,V-Makarov,M/Togliatti 2003/CBM 94 ext (52)}) 10. a4 a6
11. O-O Rc8 12. Nc3 h6 13. Be3 Ng4 14. Bf4 Be7 15. Qe2 $14 {1-0 Kharlov,
A-Sambuev,B/Krasnoyarsk 2003/CBM 98 no vc (34)}) 8... Nbd7 9. Nbd2 Qb6 {
That continuation looks the most reasonable one-black is ready for c6-c5.} (
9... a6 {gives white good chanses of advantage:} 10. a4 h6 (10... Qb6 {
(Tsesarsky) -see commented game 1/2-1/2 Fominyh,A-Kharlov,A/Samara 2000/CBM 78
(41)[Tsesarsky,I]}) (10... b4 11. Bxf6 gxf6 12. Bd3 Rc8 13. e4 Be7 14. O-O Rg8
15. Rfe1 $36 {1-0 Lindemann,S-Beshukov,S/Hastings 2003/CBM 91 ext (44)}) 11.
Bxf6 Qxf6 12. Bd3 $14 {1/2-1/2 Sanjay,N-Kharlov,A/Calcutta 2001/CBM 82/
[Tsesarsky] (44)}) 10. a4 $1 $146 {[%mdl 8] That natural move is a novelty.
White has prevented c6-c5 for some time and he can consider a possibility of
a4-a5.} (10. Be2 c5 11. O-O Rc8 12. Rac1 (12. Qb3 c4 (12... a6 13. a4 Bd5 14.
Qd3 Bc6 15. axb5 axb5 16. e4 cxd4 17. Nxd4 Nc5 18. Qe3 Nfxe4 19. Nxe4 Nxe4 20.
Nxc6 Qxc6 21. Qxe4 $1 (21. Bf3 f5 22. Rfc1 Qb7 23. Rxc8+ Qxc8 24. Bxe4 fxe4 25.
Qb6 $18) 21... Qxe4 22. Bxb5+ Rc6 (22... Qc6 23. Bxc6+ Rxc6 24. Ra8+ Kd7 25.
Rd1+ Kc7 26. Rdd8 $18) 23. Rfc1 Kd7 24. Bxc6+ (24. Rxc6 Qxc6 25. Ra7+ Kd6 26.
Bf4+ e5 27. Bxe5+ Kxe5 28. Bxc6 Bc5 29. Rxf7 Rf8 30. Rxf8 Bxf8 31. Kf1 $18)
24... Qxc6 25. Ra7+ Kd6 26. Bf4+ Kd5 27. Rxc6 Kxc6 28. Rxf7 $18) 13. Qc2 Nd5
$132) 12... Be7 13. dxc5 (13. Qb3 a6 (13... Bc6 14. Ne5 c4 15. Qc2 O-O 16. Nxc6
Qxc6 17. Bf3 $14) 14. a4 c4 15. Qc2 O-O $132) 13... Rxc5 14. Qd3 a6 (14... Rd5
$2 15. Qb3 Qa5 (15... O-O 16. e4 Nc5 17. Qc2 $18) 16. Nc4 bxc4 17. Qxb7 Rxg5
18. Nxg5 Qxg5 19. Qa8+ Bd8 20. Qxa7 O-O 21. Rxc4 $16) 15. e4 (15. Rfd1 O-O $11)
15... Qc7 $11 {1-0 Ibragimov,I-Lugo,B/New York op 1998 [Tsesarsky]}) (10. Qb3
a6 11. a4 Qa5 (11... Be7 $142 12. Be2 O-O 13. O-O bxa4 14. Rxa4 c5 $11) 12.
Bxf6 gxf6 13. Be2 Nb6 14. O-O Qb4 15. Bd1 Qxb3 16. Bxb3 $14 {1-0 Gyimesi,
Z-Delemarre,J/Germany 2000/CBM 75 ext (37)}) 10... Bb4 {[%csl Ra5,Gb4][%cal
Yb4a5] Now a4-a5 is not possible and black can just complete development and
prepare c6-c5.Usually black's bishop is placed well on b4 after a2-a4.} ({
I cannot recommend:} 10... bxa4 $6 11. Rxa4 c5 12. Nc4 Qc7 {in view of:} 13.
Bf4 $1 Qc8 14. Nd6+ Bxd6 15. Bxd6 Ne4 16. Bf4 O-O (16... cxd4 17. Rc4) 17. Bd3
$14) ({but} 10... a6 {[%cal Gc6c5] looks not bad.I don't see anything better
than} 11. Qb3 {with transposition to Gyimesi,Z-Delemarre,J/Germany 2000.}) 11.
Be2 ({Black has no problems after} 11. Bd3 O-O 12. O-O Rfc8 (12... h6 13. Bxf6
Nxf6 14. Nb3 $14) 13. Bxf6 Nxf6 14. Ne4 Nd7 $1 $11 ({not} 14... Nxe4 $6 15.
Bxe4 g6 16. Ne5 $14 {and white's pressure is quite unpleasant.})) 11... O-O 12.
O-O Rfc8 {One of the most interesting standard questions in chess is: what is
the best placement for rooks?''.That choice looks logical,since Rf8 cannot be
useful for e6-e5:black's only plan in this position is freeing by c6-c5.} 13.
Qb3 $6 {That move is very logical: white should remove his queen in view of
the possible c6-c5.But actually,that is an important waste of time,which wan't
necessary at all.} ({white could get a typical advantage by:} 13. Rfc1 $1 a5 (
13... c5 $2 14. Bxb5 cxd4 (14... Bxd2 15. Qxd2 Bxf3 16. gxf3 $16) 15. Nc4 $1
Qc5 16. exd4 Qd5 17. Qe2 $16) 14. Bxf6 Nxf6 15. Nb3 $14 {[%csl Rc5]}) 13... a5
$1 {[%cal Gb7a6]} 14. Bxf6 ({after} 14. Rfc1 Ba6 15. axb5 cxb5 {[%cal Ga6b7]
there is no any advantage for white.}) 14... Nxf6 15. Rfc1 {It is not easy to
find better move for white.} Ba6 {[%cal Gb5a4] White cannot prevent c6-c5
anymore after this move,but black gets only a symbolic advantage.} ({But in my
opinion,black could get slighty better position by the simple:} 15... bxa4 $142
16. Nc4 Qd8 17. Qxa4 c5 18. Rd1 Bc6 $15) 16. Qd1 (16. Qc2 bxa4 (16... c5 17.
axb5 Bxb5 18. Bxb5 Qxb5 19. Ne4 Nxe4 20. Qxe4 $11) 17. Bxa6 Qxa6 18. Qxa4 c5
19. dxc5 Bxc5 20. Ne4 $11) 16... c5 {Now the position is going to be
simplified.} 17. axb5 Bxb5 18. dxc5 ({white could also go for} 18. Bxb5 Qxb5
19. Nc4 cxd4 20. Nxd4 $11) 18... Rxc5 19. Nd4 ({slighty more accurate was:} 19.
Bxb5 Qxb5 20. Nd4 Qb7 21. Rxc5 Bxc5 22. Nc4 $11 {and white's knight are at
ideal positions.}) 19... Bxe2 ({interesting was} 19... Bd7 $5 {trying to keep
the bishops on the board,but after} 20. Rxc5 Bxc5 21. Nc4 Qc7 22. Bf3 {white
has no much to worry about.}) 20. Qxe2 Rac8 21. N2b3 {White's play is passive,
but probably suffucient for a draw.} (21. Rxc5 Qxc5 22. N2b3 Qc7 23. g3 e5 24.
Nf3 $11) 21... Rxc1+ 22. Rxc1 Rxc1+ 23. Nxc1 e5 {Black has no other way to
make progress here-white's knight on d4 is very strong.} 24. Nf3 Qc7 25. Na2
$11 {Now black has no winning chanses at all-white's knights contolling all
the important squares.} h6 26. h3 {White can already take on b4,but he doesn't
need that.} Qc5 27. Qd1 e4 28. Nd4 g6 29. Qa4 Kg7 30. Qc6 1/2-1/2